Дирижер Евгений Светланов (Запис номер 527532)
[ съкратено ]
| 000 -Лидер | |
|---|---|
| Лидер | 01833njm a2200349 a 4500 |
| 001 - Контролен номер на записа | |
| Контролен № | 005369930 |
| 003 - Код на организацията, давaща контролен номер | |
| Код на организацията, даваща контролен номер | BLK |
| 005 - Дата и час на последна редакция | |
| Дата и час на последна редакция | 20250225105520.0 |
| 007 - Фиксирано поле за физическо описани | |
| Физическо описание | sd asmalaaahaa |
| 008 - Елементи от данни с фиксирана дължина | |
| Елементи с фиксирана дължина | 120116s1974 ru ptnng rus |
| 028 02 - PUBLISHER NUMBER | |
| Издателски номер | С10-13271 |
| 040 ## - Източник на каталожния запис | |
| Код на библиотеката | BLK |
| 041 ## - Код за език | |
| Език на записа | Руски |
| Език за КДБФ | Руски |
| 080 ## - УДК | |
| УДК текст | Цигулка и оркестър |
| УДК код | 787.1:785 |
| УДК – код + определител | (086.7) |
| УДК – определител | 787.1:785(086.7) |
| 100 ## - Редна дума - Автор | |
| R(LIN) | 314463 |
| Автор | Дебюси, Клод Ашил |
| Авторска отговорност | първи автор |
| 245 ## - Сведения за заглавието | |
| Заглавие | Дирижер Евгений Светланов |
| Авторска отговорност | Клод Дебюси, Морис Равел; дир. Евгени Светланов |
| 260 ## - Област на издателските данни | |
| Място на издаване | Москва |
| Име на издателя | Мелодия |
| Година на издаване | 1968 |
| 300 ## - Физическа характеристика | |
| Брой страници | 1 грамофонна плоча |
| Илюстрации | 33 об/мин, стерео |
| Размер | 30 см |
| 380 ## - Жанр | |
| Жанр | Изкуство |
| 500 ## - Общи забележки | |
| Обща забележка | К. Дебюсси (1862-1918) <br/>A1 Послеполуденный Отдых Фавна 10:25<br/>Море, Три Симфонических Эскиза <br/>A2 1. От Зари до полудня 8:31<br/>A3 2. Игра Волн 6:15<br/>B1 3. Диалог Ветра И Моря 7:51<br/>М. Равель (1875-1937) <br/>Испанская рапсодия (16:25)<br/>B2 1 Прелюдия Ночи 2. Малагенья 3. Хабанера 4. Народный Праздник |
| 511 ## - Забележка за участници или изпълнители | |
| Забележка за участници | Оркестр Государственный академический симфонический оркестр СССР<br/>Дирижер Евгений Светланов |
| 650 #7 - Допълнително описание по предмет – тема | |
| 9 (RLIN) | 170960 |
| Предметна рубрика | Симфонии |
| 653 ## - Ключова дума – ненормативна | |
| 9 (RLIN) | 186431 |
| Ключови думи | ескизи |
| 700 ## - Други автори (авторска отговорност) | |
| 9 (RLIN) | 315710 |
| Друг автор | Светланов, Евгений Федорович |
| 852 ## - Местоположение | |
| Сигнатура (форматна) | Ф ІІ 6681 |
| Отдел | Хранилище |
| 856 ## - Електронен адрес и достъп | |
| Инструкция (цена за достъп) | 0.00 |
| Права за достъп | disable |
| 942 ## - АРТИКУЛИ | |
| Вид на библиотечния документ | Грамофонни плочи |
| Скрит в OPAC | Не |
| 944 ## - СЪЗДАВАНЕ И РЕДАКЦИЯ на ЗАПИСА | |
| Дата на регистрацията/редакция | Виолета Тройчева |
| Служител, извършил регистрацията/редакцията | 30552 |
| Статус, дата на статуса | Виолета Тройчева |
| 999 ## - СИСТЕМНИ КОНТРОЛНИ НОМЕРА | |
| Koha biblionumber | 527532 |
| Koha biblioitemnumber | 527532 |
| 999 ## - СИСТЕМНИ КОНТРОЛНИ НОМЕРА | |
| Koha biblioitemnumber | 527532 |
| 999 ## - СИСТЕМНИ КОНТРОЛНИ НОМЕРА | |
| Koha biblioitemnumber | 527532 |
| 999 ## - СИСТЕМНИ КОНТРОЛНИ НОМЕРА | |
| Koha biblioitemnumber | 518414 |
| Код за отписване | Код за изгубен артикул | Източник на класификационната схема | Код за повреда | Код за отдаване | Артикулен № | Име на библиотеката - собственик | Име на библиотеката, в която се намира в момента | Статус (Текущо местоположение) | Дата на вписване в системата | Местоположение - отдел | Цена в лева | Инвентарен номер | Систематично азбучна сигнатура | Баркод | Цена в евро | Служебен тип на артикула |
|---|---|---|---|---|---|---|---|---|---|---|---|---|---|---|---|---|
| Не е изгубен | Universal Decimal Classification | Не е повреден | ползва се в читалня | 961594 | Регионална библиотека "Любен Каравелов" Русе | Регионална библиотека "Любен Каравелов" Русе | Хранилище | 2025-02-25 | Основен фонд - ползва се само за читалня | 4.50 | 19579 | Ф ІІ 6681 | 900000114000 | 2.30 | Грамофонни плочи |